বেদ / (Record no. 38648)
[ view plain ]
| 000 -LEADER | |
|---|---|
| fixed length control field | 01339nam a22002537a 4500 |
| 001 - CONTROL NUMBER | |
| control field | 38648 |
| 003 - CONTROL NUMBER IDENTIFIER | |
| rucl marc code | BD-RjUL |
| 005 - DATE AND TIME OF LATEST TRANSACTION | |
| control field | 20211209052832.0 |
| 008 - FIXED-LENGTH DATA ELEMENTS--GENERAL INFORMATION | |
| fixed length control field | 160201s1922 ii ||||| |||| 00| 0 ben d |
| 035 ## - SYSTEM CONTROL NUMBER | |
| System control number | (BD-RjUL)38756 |
| 040 ## - CATALOGING SOURCE | |
| Original cataloging agency | BD-RjUL |
| Language of cataloging | eng |
| Transcribing agency | BD-RjUL |
| 041 ## - LANGUAGE CODE | |
| Language code of text/sound track or separate title | ben |
| 082 ## - DEWEY DECIMAL CLASSIFICATION NUMBER | |
| Classification number | 294.5921 |
| Author mark and year | VED 1922 |
| 245 ## - TITLE STATEMENT | |
| Title | বেদ / |
| Statement of responsibility, etc. | দুর্গাদাস লাহিড়ী শর্ম্মণা সম্পাদিত |
| Number of part/section of a work | তৃতীয়োহধ্যায়ঃ |
| Name of part/section of a work | সামবেদ সংহিতা |
| -- | ঐন্দ্রর্ব্বণি-দ্বিতীয়শ্চ |
| 260 ## - PUBLICATION, DISTRIBUTION, ETC. (IMPRINT) | |
| Place of publication, distribution, etc. | হাওড়া : |
| Name of publisher, distributor, etc. | পৃথিবীর ইতিহাস, |
| Date of publication, distribution, etc. | ১৯২২ |
| 300 ## - PHYSICAL DESCRIPTION | |
| Pagination | ৩৬৮-১০৯৮ পৃ. ; |
| Size | ২৪ সেমি. |
| 500 ## - GENERAL NOTE | |
| General note | Sanskrit text with Bengali |
| General note | গেয়গানং ; মর্স্মানুসারিণী ব্যাখ্যা ; বঙ্গানুবাদ সায়ণভাষ্যৎ ; টিপ্পনী -মর্স্মর্থ সমেত; |
| General note | পুঠিয়া রাজবাড়ি থেকে সংগৃহীত |
| 650 ## - SUBJECT ADDED ENTRY--TOPICAL TERM | |
| Topical term or geographic name as entry element | বেদ |
| 9 (RLIN) | 119271 |
| Topical term or geographic name as entry element | Vedas |
| 9 (RLIN) | 118536 |
| 700 ## - ADDED ENTRY--PERSONAL NAME | |
| Personal name | শর্ম্মণা, দুর্গাদাস লাহিড়ী |
| 942 ## - ADDED ENTRY ELEMENTS (KOHA) | |
| Source of classification or shelving scheme | Dewey Decimal Classification |
| Koha item type | Rare Books |
| Lost status | Source of classification or shelving scheme | Damaged status | Not for loan | Collection code | Permanent Location | Current Location | Shelving location | Date acquired | Source of acquisition | Total Checkouts | Full call number | Date last seen | Copy number | Koha item type |
|---|---|---|---|---|---|---|---|---|---|---|---|---|---|---|
| Dewey Decimal Classification | Not For Loan | Non-fiction | Central Library, University of Rajshahi | Central Library, University of Rajshahi | Rare Book Section | 22/12/1955 | পুঠিয়া রাজবাড়ি | BRA 294.5921 VED V-3 1922 | 01/02/2016 | C-1 | Rare Books |